Automatizácia prideľovania záverečných prác na vysokých školách s využitím fuzzy logiky diplomová práca

Guardado en:
Detalles Bibliográficos
Autor principal: Urban, Peter
Autor Corporativo: Fakulta hospodárskej informatiky EU. Katedra aplikovanej informatiky
Otros Autores: Rakovská, Eva, 1963-
Formato: Libro
Lenguaje:eslovaco
Publicado: Bratislava 2012
Etiquetas: Agregar Etiqueta
Sin Etiquetas, Sea el primero en etiquetar este registro!

MARC

LEADER 00000nbm a2200000 4500
001 0157227
005 20170314101212.4
041 0 |a slo 
044 |a SK 
245 1 0 |a Automatizácia prideľovania záverečných prác na vysokých školách s využitím fuzzy logiky  |b diplomová práca  |c Peter Urban ; školiteľ: Eva Rakovská 
264 1 |a Bratislava  |c 2012 
300 |a 70 s. 
100 1 |a Urban, Peter 
700 1 |a Rakovská, Eva, 1963- 
710 2 |a Fakulta hospodárskej informatiky EU. Katedra aplikovanej informatiky